000 nam a22 7a 4500
999 _c331379
_d331379
003 NUST
005 20170926122010.0
008 170926b xxu||||| |||| 00| 0 eng d
020 _a3905555166
040 _c0
082 _a628 BAR
245 _aR'99 Recovery Recycling Re-Intergration collected papers of the r'99 world congress geneva switzerland february2-5 1999"
_bPlenary session integrated resouces management legislation socio-economic issues life cycle analysis
_cEditors Dr.Anis barrage, Dr Xaver Edelmann
250 _bVol.1
260 _aSwitzerland
_bEMPA
_c1999
300 _ai-432p.
500 _aP.B
942 _2ddc
_cBK
_kIESE